| 000 | 01391nam a2200337 c 4500 | ||
|---|---|---|---|
| 003 | BLK | ||
| 005 | 20221213122452.0 | ||
| 008 | 180408b bul|||||r ||||||| ||bul|| | ||
| 010 | _aKNG00073081000 | ||
| 020 |
_a954-07-2318-3 _bиздат.: Унив. изд. Св. Климент Охридски |
||
| 040 | _aBLK | ||
| 041 |
_aBUL _cBUL |
||
| 080 |
_aМикробиология. Вж и 663 _b579 _x(076)(075.8) _z579(076)(075.8) |
||
| 100 | 1 |
_aГрудева, Венета Иванова _9294088 |
|
| 139 |
_aРъководство по микробиология _bР 97 |
||
| 245 | 1 | 0 |
_aРъководство по микробиология _cВенета Иванова Грудева. |
| 257 | _aBGR | ||
| 260 |
_аСофия _bУнив. изд. Св. Климент Охридски _c2006 |
||
| 300 |
_a356 с. _bс ил. _c24 см |
||
| 380 | _a5 | ||
| 500 | _aДруги авт. : П. Мончева, С. Наумова, Б. Гочева, Т. Недева, С. Антонова-Николова. | ||
| 650 | 4 |
_aМикробиология - учебници за ВУЗ _9242072 |
|
| 653 | _aмикробиология | ||
| 653 | _aучебници за ВУЗ | ||
| 653 | _aръководства | ||
| 852 | _aЦб 232467 | ||
| 856 | 4 |
_qpdf _u |
|
| 856 | 4 |
_qpdf _u |
|
| 942 |
_cKNG _n0 _01 |
||
| 944 |
_aCR _c19.03.2007 _kГеновева_Генчева |
||
| 944 |
_aED _c16.11.2007 _k |
||
| 999 |
_c68752 _d68752 |
||